[Event "Barcelona Holy Week"]
[Site "Barcelona"]
[Date "2024.04.01"]
[Round "9"]
[White "Asis Gargatagli, Hipolito"]
[Black "Alcala Gonzalez, Cesar"]
[Result "1/2-1/2"]
[WhiteElo "2493"]
[BlackElo "2283"]
[PlyCount "50"]
[EventDate "2024.03.28"]
[EventType "tourn"]
[EventRounds "9"]
[EventCountry "ESP"]
[SourceTitle "CB14_2024"]
[SourceDate "2024.04.01"]
[SourceVersion "1"]
[SourceVersionDate "2024.04.01"]
[SourceQuality "1"]

1. e4 c6 2. d4 d5 3. Nd2 dxe4 4. Nxe4 Nf6 5. Nxf6+ exf6 6. c3 Bd6 7. Bd3 0-0 8. Qc2 Re8+ 9. Ne2 h5 10. 0-0 h4 11. Nf4 Nd7 12. Qd1 Nf8 13. Qh5 Bxf4 14. Bxf4 h3 15. gxh3 Qd7 16. Rfe1 Qxh3 17. Qxh3 Bxh3 18. f3 Ne6 19. Bd2 Rad8 20. Bc4 b5 21. Be2 Re7 22. f4 Bf5 23. a4 a6 24. axb5 axb5 25. Bf1 Red7 1/2-1/2

[Event "Barcelona Holy Week"]
[Site "Barcelona"]
[Date "2024.03.31"]
[Round "7"]
[White "Asis Gargatagli, Hipolito"]
[Black "Mompel Ferruz, Xavier"]
[Result "1/2-1/2"]
[WhiteElo "2493"]
[BlackElo "2315"]
[PlyCount "21"]
[EventDate "2024.03.28"]
[EventType "tourn"]
[EventRounds "9"]
[EventCountry "ESP"]
[SourceTitle "CB14_2024"]
[SourceDate "2024.04.01"]
[SourceVersion "1"]
[SourceVersionDate "2024.04.01"]
[SourceQuality "1"]

1. e4 c5 2. Nf3 d6 3. d4 cxd4 4. Nxd4 Nf6 5. Nc3 a6 6. f3 e5 7. Nb3 Be6 8. Be3 Be7 9. Qd2 h5 10. Be2 0-0 11. Nd5 1/2-1/2

[Event "Barcelona Holy Week"]
[Site "Barcelona"]
[Date "2024.03.30"]
[Round "5"]
[White "Asis Gargatagli, Hipolito"]
[Black "Valenzuela Gomez, Fernando Alberto"]
[Result "1/2-1/2"]
[WhiteElo "2493"]
[BlackElo "2321"]
[PlyCount "21"]
[EventDate "2024.03.28"]
[EventType "tourn"]
[EventRounds "9"]
[EventCountry "ESP"]
[SourceTitle "CB14_2024"]
[SourceDate "2024.04.01"]
[SourceVersion "1"]
[SourceVersionDate "2024.04.01"]
[SourceQuality "1"]

1. e4 c5 2. Nf3 e6 3. d4 cxd4 4. Nxd4 Nf6 5. Nc3 Nc6 6. Ndb5 Bb4 7. a3 Bxc3+ 8. Nxc3 d5 9. exd5 exd5 10. Bd3 0-0 11. 0-0 1/2-1/2

[Event "Barcelona Holy Week"]
[Site "Barcelona"]
[Date "2024.03.29"]
[Round "2"]
[White "Vergara Jofre, Felipe Andres"]
[Black "Asis Gargatagli, Hipolito"]
[Result "0-1"]
[WhiteElo "2210"]
[BlackElo "2493"]
[PlyCount "78"]
[EventDate "2024.03.28"]
[EventType "tourn"]
[EventRounds "9"]
[EventCountry "ESP"]
[SourceTitle "CB14_2024"]
[SourceDate "2024.04.01"]
[SourceVersion "1"]
[SourceVersionDate "2024.04.01"]
[SourceQuality "1"]

1. e4 c5 2. Nf3 d6 3. d4 cxd4 4. Nxd4 Nf6 5. Nc3 a6 6. Bd3 g6 7. f3 Qb6 8. Be3 Qxb2 9. Na4 Qb4+ 10. c3 Qa5 11. Rb1 Nbd7 12. 0-0 Bg7 13. c4 0-0 14. g4 h6 15. Rf2 Qc7 16. Rg2 Rb8 17. Qe1 Ne5 18. Be2 Nxc4 19. Bxc4 Qxc4 20. Nb6 Qc7 21. Qh4 Qc3 22. Qf2 Qd3 23. Rc1 e5 24. Ne2 d5 25. exd5 Nxd5 26. Nxd5 Qxd5 27. Nc3 Qe6 28. Qh4 g5 29. Qh5 Bd7 30. Ne4 Bc6 31. Rd2 Rbd8 32. Rxd8 Rxd8 33. h4 Rd3 34. Nc5 Qd5 35. Nxd3 Qxf3 36. Rxc6 Qxe3+ 37. Nf2 bxc6 38. hxg5 hxg5 39. Qh1 Qc1+ 0-1

[Event "Mediterranean-ch 13th"]
[Site "Platja d'Aro"]
[Date "2023.11.09"]
[Round "7"]
[White "Asis Gargatagli, Hipolito"]
[Black "Iermito, Sebastian"]
[Result "1/2-1/2"]
[WhiteElo "2509"]
[BlackElo "2524"]
[PlyCount "61"]
[EventDate "2023.11.04"]
[EventType "swiss"]
[EventRounds "9"]
[EventCountry "ESP"]
[SourceTitle "CB46_2023"]
[SourceDate "2023.11.15"]
[SourceVersion "1"]
[SourceVersionDate "2023.11.15"]
[SourceQuality "1"]

1. e4 e5 2. Nf3 Nc6 3. Bb5 a6 4. Ba4 d6 5. Nc3 Nf6 6. Bxc6+ bxc6 7. d4 exd4 8. Nxd4 c5 9. Nc6 Qd7 10. Na5 Be7 11. 0-0 0-0 12. Qf3 Rb8 13. b3 Ng4 14. Bb2 Bf6 15. h3 Ne5 16. Qg3 Ng6 17. Rad1 Re8 18. f4 Bd4+ 19. Kh1 f5 20. Rde1 Ne7 21. e5 Ng6 22. exd6 cxd6 23. Qf3 Rxe1 24. Rxe1 Bb7 25. Nxb7 Qxb7 26. Re8+ Rxe8 27. Qxb7 Re1+ 28. Kh2 Bg1+ 29. Kh1 Bf2+ 30. Kh2 Bg1+ 31. Kh1 1/2-1/2

[Event "Mediterranean-ch 13th"]
[Site "Platja d'Aro"]
[Date "2023.11.05"]
[Round "3"]
[White "Asis Gargatagli, Hipolito"]
[Black "Jimenez Ruano, Adrian"]
[Result "1-0"]
[WhiteElo "2509"]
[BlackElo "2281"]
[PlyCount "109"]
[EventDate "2023.11.04"]
[EventType "swiss"]
[EventRounds "9"]
[EventCountry "ESP"]
[SourceTitle "CB46_2023"]
[SourceDate "2023.11.15"]
[SourceVersion "1"]
[SourceVersionDate "2023.11.15"]
[SourceQuality "1"]

1. e4 c5 2. Nf3 d6 3. d4 cxd4 4. Nxd4 Nf6 5. Nc3 a6 6. f3 e5 7. Nb3 Be6 8. Be3 h5 9. Nd5 Nxd5 10. exd5 Bf5 11. Bd3 Bxd3 12. Qxd3 Be7 13. 0-0-0 Bg5 14. Kb1 Bxe3 15. Qxe3 0-0 16. g4 hxg4 17. fxg4 Nd7 18. h4 Qb6 19. Qf3 Rac8 20. Qf5 Nf6 21. g5 Nh5 22. Qf3 g6 23. Nd2 Qc7 24. c3 f5 25. gxf6 Rxf6 26. Qg4 Kh7 27. Rhg1 Rg8 28. Ne4 Rf4 29. Ng5+ Kh6 30. Qh3 Qb6 31. Qd7 Nf6 32. Qe7 Rg7 33. Nf7+ Kh7 34. Qf8 Ng8 35. Qxd6 Qxd6 36. Nxd6 Rd7 37. Nc8 Nf6 38. d6 Ne4 39. Rd5 Rf8 40. Rxe5 Nd2+ 41. Kc1 Rxc8 42. Kxd2 Rxd6+ 43. Kc2 Kh6 44. h5 gxh5 45. Rh1 Kg6 46. Rexh5 Rcc6 47. Rh6+ Kf5 48. Rxd6 Rxd6 49. Re1 Rb6 50. Re8 Rg6 51. a4 Rd6 52. Re7 b5 53. axb5 axb5 54. Rb7 Rd5 55. Kb3 1-0

[Event "Mediterranean-ch 13th"]
[Site "Platja d'Aro"]
[Date "2023.11.05"]
[Round "2"]
[White "Martinez Pla, Xavier"]
[Black "Asis Gargatagli, Hipolito"]
[Result "1/2-1/2"]
[WhiteElo "2263"]
[BlackElo "2509"]
[PlyCount "27"]
[EventDate "2023.11.04"]
[EventType "swiss"]
[EventRounds "9"]
[EventCountry "ESP"]
[SourceTitle "CB46_2023"]
[SourceDate "2023.11.15"]
[SourceVersion "1"]
[SourceVersionDate "2023.11.15"]
[SourceQuality "1"]

1. e4 c5 2. Nf3 d6 3. d4 cxd4 4. Nxd4 Nf6 5. Nc3 a6 6. h3 g6 7. Be3 h5 8. Qd2 b5 9. a4 bxa4 10. Rxa4 Bg7 11. Bd3 Nbd7 12. Nb3 0-0 13. 0-0 Ne5 14. Be2 1/2-1/2

[Event "Barcelona Sants op 24th"]
[Site "Barcelona"]
[Date "2023.08.24"]
[Round "7"]
[White "Campos Gomez, Manuel"]
[Black "Asis Gargatagli, Hipolito"]
[Result "1/2-1/2"]
[WhiteElo "2307"]
[BlackElo "2520"]
[PlyCount "113"]
[EventDate "2023.08.18"]
[EventType "swiss"]
[EventRounds "10"]
[EventCountry "ESP"]
[SourceTitle "CBM 215 Extra"]
[Source "ChessBase"]
[SourceDate "2023.09.30"]
[SourceVersion "1"]
[SourceVersionDate "2023.09.30"]
[SourceQuality "1"]

1. d4 Nf6 2. c4 g6 3. Nc3 Bg7 4. e4 d6 5. Be2 0-0 6. Nf3 e5 7. 0-0 h6 8. dxe5 dxe5 9. Qxd8 Rxd8 10. Nxe5 Nxe4 11. Nxe4 Bxe5 12. Bxh6 Bxb2 13. Rad1 Re8 14. Bf3 Nc6 15. Rfe1 Be6 16. Rb1 Be5 17. Rxb7 Bxc4 18. Rxc7 Rac8 19. Rxc8 Rxc8 20. Nd2 Ba6 21. h4 Bc3 22. Bxc6 Rxc6 23. Re7 Bf6 24. Rxa7 Bxh4 25. Nf3 Bf6 26. Bg5 Bg7 27. Ra8+ Kh7 28. Be3 Bf6 29. Ra7 Bc4 30. Bd4 Bxd4 31. Nxd4 Rd6 32. Nf3 Kg7 33. Kh2 Bd5 34. Kg3 Rb6 35. Ra5 Bc4 36. Ne5 Be6 37. Nd3 Bc4 38. Ne5 Be6 39. f3 Rb2 40. a3 Ra2 41. Ra7 Kf6 42. Nd3 Bc4 43. Nf2 Kg7 44. Ng4 Be6 45. Ne3 g5 46. f4 gxf4+ 47. Kxf4 Kg6 48. a4 f6 49. g3 Bb3 50. a5 Ra4+ 51. Kf3 Ra3 52. Kf4 Ra4+ 53. Kf3 Ra3 54. Ke4 Ba4 55. Rc7 Bb5 56. Rc5 Rxa5 57. Nc4 1/2-1/2

[Event "Barcelona Sants op 24th"]
[Site "Barcelona"]
[Date "2023.08.19"]
[Round "2"]
[White "Asis Gargatagli, Hipolito"]
[Black "Vigo Allepuz, David"]
[Result "1-0"]
[WhiteElo "2520"]
[BlackElo "1983"]
[PlyCount "77"]
[EventDate "2023.08.18"]
[EventType "swiss"]
[EventRounds "10"]
[EventCountry "ESP"]
[SourceTitle "CBM 215 Extra"]
[Source "ChessBase"]
[SourceDate "2023.09.30"]
[SourceVersion "1"]
[SourceVersionDate "2023.09.30"]
[SourceQuality "1"]

1. e4 e6 2. d4 d5 3. Nd2 Nf6 4. e5 Nfd7 5. Ngf3 c5 6. c3 Nc6 7. Bd3 cxd4 8. cxd4 Be7 9. 0-0 0-0 10. Re1 f5 11. exf6 Nxf6 12. b3 Qb6 13. Bb2 Bd7 14. a3 Rae8 15. b4 a6 16. Nb3 Bd6 17. Qc2 Bc8 18. Nc5 Qc7 19. Ne5 Ne7 20. Rac1 g6 21. Qd2 Qd8 22. Re2 Nh5 23. g3 Nf5 24. f4 Nfg7 25. Rf2 Nf6 26. Re2 Bxe5 27. dxe5 Nd7 28. Nb3 Nf5 29. Nd4 Nb6 30. Nxf5 gxf5 31. Bd4 Bd7 32. Rg2 Bb5 33. Bb1 Nc4 34. Qc3 Rf7 35. g4 fxg4 36. Rxg4+ Rg7 37. Rxg7+ Kxg7 38. Qh3 Kg8 39. Qc3 1-0

[Event "Barcelona Sant Marti op-A 23rd"]
[Site "Barcelona"]
[Date "2023.07.18"]
[Round "6"]
[White "Perpinya Rofes, Lluis Maria"]
[Black "Asis Gargatagli, Hipolito"]
[Result "0-1"]
[WhiteElo "2269"]
[BlackElo "2530"]
[PlyCount "70"]
[EventDate "2023.07.13"]
[EventType "swiss"]
[EventRounds "9"]
[EventCountry "ESP"]
[SourceTitle "CBM 215 Extra"]
[Source "ChessBase"]
[SourceDate "2023.09.30"]
[SourceVersion "1"]
[SourceVersionDate "2023.09.30"]
[SourceQuality "1"]

1. e4 c5 2. Nf3 d6 3. d4 cxd4 4. Nxd4 Nf6 5. Nc3 a6 6. Be2 e5 7. Nb3 Be7 8. 0-0 0-0 9. Kh1 Re8 10. Be3 Be6 11. f3 Nbd7 12. a4 Qc7 13. a5 Qc6 14. Qd2 d5 15. exd5 Nxd5 16. Nxd5 Bxd5 17. c4 Be6 18. f4 exf4 19. Bxf4 Bf6 20. Nd4 Bxd4 21. Qxd4 Bf5 22. Bf3 Be4 23. Rad1 Nf8 24. Be5 Bxf3 25. Rxf3 f6 26. Bg3 Ne6 27. Qg4 Nf8 28. Rfd3 Re4 29. Qf3 Rxc4 30. Rb3 Rc1 31. Rg1 Rxg1+ 32. Kxg1 Qc1+ 33. Qf1 Qc2 34. Rxb7 Rd8 35. Re7 Qc5+ 0-1

[Event "Barcelona Sant Marti op-A 23rd"]
[Site "Barcelona"]
[Date "2023.07.14"]
[Round "2"]
[White "Moya Nunez, Pau Salvador"]
[Black "Asis Gargatagli, Hipolito"]
[Result "1/2-1/2"]
[WhiteElo "2176"]
[BlackElo "2530"]
[PlyCount "67"]
[EventDate "2023.07.13"]
[EventType "swiss"]
[EventRounds "9"]
[EventCountry "ESP"]
[SourceTitle "CBM 215 Extra"]
[Source "ChessBase"]
[SourceDate "2023.09.30"]
[SourceVersion "1"]
[SourceVersionDate "2023.09.30"]
[SourceQuality "1"]

1. e4 c5 2. Nc3 d6 3. f4 g6 4. Nf3 Bg7 5. Bc4 Nc6 6. 0-0 e6 7. d3 Nge7 8. Qe1 h6 9. Bb3 a6 10. a4 b6 11. Bd2 Ra7 12. Qh4 Na5 13. Ba2 Nec6 14. Qg3 Nb4 15. Bb1 0-0 16. Nd1 Nbc6 17. Ba2 Kh7 18. c3 d5 19. e5 d4 20. Nf2 Ne7 21. cxd4 cxd4 22. Qh3 Nf5 23. Ne4 Nc6 24. Rac1 Nce7 25. g4 Ne3 26. Nfg5+ Kg8 27. Nf6+ Kh8 28. Bxe3 dxe3 29. Qxe3 Ng8 30. Nge4 Nxf6 31. Rxc8 Nxg4 32. Rxd8 Nxe3 33. Rxf8+ Bxf8 34. Rc1 1/2-1/2

[Event "Barbera del Valles op 45th"]
[Site "Barbera del Valles"]
[Date "2023.07.11"]
[Round "8"]
[White "Asis Gargatagli, Hipolito"]
[Black "Grigoryan, Karen H"]
[Result "1/2-1/2"]
[WhiteElo "2530"]
[BlackElo "2621"]
[PlyCount "30"]
[EventDate "2023.07.04"]
[EventType "swiss"]
[EventRounds "9"]
[EventCountry "ESP"]
[SourceTitle "CBM 215 Extra"]
[Source "ChessBase"]
[SourceDate "2023.09.30"]
[SourceVersion "1"]
[SourceVersionDate "2023.09.30"]
[SourceQuality "1"]

1. e4 e5 2. Nf3 Nc6 3. Bc4 Bc5 4. c3 Nf6 5. d3 a6 6. 0-0 d6 7. a4 Ba7 8. Re1 h6 9. Nbd2 0-0 10. h3 Be6 11. Bxe6 fxe6 12. Nf1 d5 13. Ng3 Qd6 14. Be3 Bxe3 15. Rxe3 d4 1/2-1/2

[Event "Barbera del Valles op 45th"]
[Site "Barbera del Valles"]
[Date "2023.07.08"]
[Round "5"]
[White "Asis Gargatagli, Hipolito"]
[Black "Vivaan, Vijay Saraogi"]
[Result "1-0"]
[WhiteElo "2530"]
[BlackElo "1739"]
[PlyCount "75"]
[EventDate "2023.07.04"]
[EventType "swiss"]
[EventRounds "9"]
[EventCountry "ESP"]
[SourceTitle "CBM 215 Extra"]
[Source "ChessBase"]
[SourceDate "2023.09.30"]
[SourceVersion "1"]
[SourceVersionDate "2023.09.30"]
[SourceQuality "1"]

1. e4 c5 2. Nc3 Nc6 3. Nf3 e5 4. Bc4 g6 5. d3 Bg7 6. Ng5 Nh6 7. f4 0-0 8. 0-0 exf4 9. Bxf4 d6 10. Qd2 Ne5 11. Bb3 Bd7 12. h3 b5 13. Bd5 Rc8 14. Nf3 Nxf3+ 15. Rxf3 Qh4 16. Bg5 Qh5 17. Ne2 c4 18. Ng3 Bd4+ 19. Kh1 Qxf3 20. gxf3 c3 21. bxc3 Bxc3 22. Qc1 Be5 23. Bxh6 Bxg3 24. f4 Kh8 25. Qe3 Bh4 26. Qd4+ f6 27. Qxa7 Rfd8 28. Bg5 Bxg5 29. fxg5 h6 30. gxf6 Rxc2 31. Qb6 Rdc8 32. Qxd6 Bxh3 33. f7 Bg2+ 34. Kg1 Kg7 35. f8Q+ Rxf8 36. Qe7+ Kh8 37. Qxf8+ Kh7 38. Qg8# 1-0

[Event "Barbera del Valles op 45th"]
[Site "Barbera del Valles"]
[Date "2023.07.07"]
[Round "4"]
[White "Dahale, Atul"]
[Black "Asis Gargatagli, Hipolito"]
[Result "0-1"]
[WhiteElo "2150"]
[BlackElo "2530"]
[PlyCount "58"]
[EventDate "2023.07.04"]
[EventType "swiss"]
[EventRounds "9"]
[EventCountry "ESP"]
[SourceTitle "CBM 215 Extra"]
[Source "ChessBase"]
[SourceDate "2023.09.30"]
[SourceVersion "1"]
[SourceVersionDate "2023.09.30"]
[SourceQuality "1"]

1. e4 c5 2. Nf3 d6 3. d4 cxd4 4. Nxd4 Nf6 5. Nc3 a6 6. Be2 e5 7. Nb3 Be7 8. 0-0 0-0 9. Be3 Be6 10. Kh1 Nbd7 11. f4 exf4 12. Bxf4 Ne5 13. Nd4 Rc8 14. Nf5 Bxf5 15. exf5 Qb6 16. Rb1 h6 17. Bf3 Nxf3 18. Rxf3 Qc6 19. Re3 Rfe8 20. Qe2 Bf8 21. h3 d5 22. Be5 Bc5 23. Rg3 Rxe5 24. Qxe5 Re8 25. Qf4 Bd6 26. Qf3 Bxg3 27. Qxg3 d4 28. Nd1 Qxc2 29. Ra1 d3 0-1

[Event "Colonia de Sant Jordi 2nd"]
[Site "Colonia de Sant Jordi"]
[Date "2023.06.11"]
[Round "3"]
[White "Matnadze, Ana"]
[Black "Asis Gargatagli, Hipolito"]
[Result "1-0"]
[WhiteElo "2394"]
[BlackElo "2525"]
[PlyCount "101"]
[EventDate "2023.06.09"]
[EventType "tourn"]
[EventRounds "9"]
[EventCountry "ESP"]
[EventCategory "7"]
[SourceTitle "CBM 214 Extra"]
[Source "ChessBase"]
[SourceDate "2023.07.31"]
[SourceVersion "1"]
[SourceVersionDate "2023.07.31"]
[SourceQuality "1"]

1. d4 Nf6 2. Nf3 g6 3. g3 Bg7 4. Bg2 0-0 5. 0-0 d5 6. c4 c6 7. Qb3 a5 8. cxd5 a4 9. Qd1 Nxd5 10. Nc3 a3 11. Nxd5 cxd5 12. bxa3 Nc6 13. Rb1 Qa5 14. Ne5 Nxe5 15. dxe5 Rd8 16. Qd4 Qc7 17. Bb2 Be6 18. Rfd1 Qc4 19. Qxc4 dxc4 20. Rxd8+ Rxd8 21. Bc3 Ra8 22. Bb4 Bxe5 23. Bxb7 Rb8 24. Be4 f5 25. Bc2 Kf7 26. Kf1 c3 27. Rd1 Rb7 28. Bb1 Rc7 29. Rc1 g5 30. Ke1 h5 31. a4 Kg6 32. a5 Bd5 33. a6 Be4 34. Bxe4 fxe4 35. Ba5 Ra7 36. Bxc3 Bd6 37. a4 Rxa6 38. a5 Bc7 39. Ra1 Kf5 40. Ra4 Kg4 41. h4 Kh3 42. Rxe4 g4 43. Rxe7 Bxa5 44. Bxa5 Rxa5 45. Rf7 Ra4 46. Rf4 Ra1+ 47. Kd2 Ra2+ 48. Ke3 Kg2 49. Kd3 Ra3+ 50. Ke4 Ra8 51. Kf5 1-0

[Event "Titled Tuesday intern op 30th May Early"]
[Site "Chess.com INT"]
[Date "2023.05.30"]
[Round "9"]
[White "Agibileg, Uurtsaikh"]
[Black "Asis Gargatagli, Hipolito"]
[Result "0-1"]
[WhiteElo "2441"]
[BlackElo "2519"]
[PlyCount "48"]
[EventDate "2023.05.30"]
[EventType "swiss (blitz)"]
[EventRounds "11"]
[EventCountry "USA"]
[SourceTitle "CBM 214 Extra"]
[Source "ChessBase"]
[SourceDate "2023.07.31"]
[SourceVersion "1"]
[SourceVersionDate "2023.07.31"]
[SourceQuality "1"]

1. d4 f5 2. g3 Nf6 3. Bg2 g6 4. Nf3 Bg7 5. 0-0 0-0 6. b3 d6 7. Bb2 a5 8. a4 Nc6 9. Nbd2 Qe8 10. c4 e5 11. dxe5 dxe5 12. e4 f4 13. gxf4 Nh5 14. fxe5 Nf4 15. Kh1 Bg4 16. Rg1 Rd8 17. Qc2 Nb4 18. Qc3 Rd3 19. Qc1 Nxg2 20. Rxg2 Bxf3 21. Nxf3 Rdxf3 22. Bd4 Bxe5 23. Bxe5 Qxe5 24. Qg1 Nd3 0-1

[Event "Titled Tuesday intern op 30th May Early"]
[Site "Chess.com INT"]
[Date "2023.05.30"]
[Round "2"]
[White "Asis Gargatagli, Hipolito"]
[Black "Ambartsumova, Karina"]
[Result "1/2-1/2"]
[WhiteElo "2519"]
[BlackElo "2393"]
[PlyCount "101"]
[EventDate "2023.05.30"]
[EventType "swiss (blitz)"]
[EventRounds "11"]
[EventCountry "USA"]
[SourceTitle "CBM 214 Extra"]
[Source "ChessBase"]
[SourceDate "2023.07.31"]
[SourceVersion "1"]
[SourceVersionDate "2023.07.31"]
[SourceQuality "1"]

1. e4 e5 2. Nf3 Nc6 3. Bb5 Nf6 4. 0-0 Nxe4 5. Re1 Nd6 6. Bf1 Be7 7. Nc3 0-0 8. d4 Nxd4 9. Nxd4 exd4 10. Nd5 Bf6 11. Bf4 b6 12. Bxd6 cxd6 13. Qf3 Rb8 14. Nxf6+ Qxf6 15. Qxf6 gxf6 16. Rad1 Bb7 17. Rxd4 Rfe8 18. Red1 d5 19. c3 Re5 20. f3 Rbe8 21. Kf2 Bc6 22. R4d2 Kg7 23. g3 Re3 24. Rd4 R3e5 25. R1d2 Re1 26. Bg2 Ra1 27. a3 Ree1 28. g4 Reb1 29. f4 Ra2 30. Bxd5 Bxd5 31. Rxd5 Rbxb2 32. Rxb2 Rxb2+ 33. Ke3 Rb3 34. Kd3 Rxa3 35. Rxd7 Ra2 36. h3 Rh2 37. Rxa7 Rxh3+ 38. Ke4 Rxc3 39. Rb7 Rb3 40. Kf5 Rb1 41. Rb8 b5 42. Rb6 b4 43. Rxf6 b3 44. Rb6 h6 45. Rb8 b2 46. Rb6 Kh7 47. Rb7 Kg7 48. Rb6 Kh7 49. Rb7 Kg7 50. Rb8 Kh7 51. Rb7 1/2-1/2

[Event "Titled Tuesday intern op 30th May Early"]
[Site "Chess.com INT"]
[Date "2023.05.30"]
[Round "4"]
[White "Asis Gargatagli, Hipolito"]
[Black "Golubev, Mikhail"]
[Result "1-0"]
[WhiteElo "2519"]
[BlackElo "2461"]
[PlyCount "65"]
[EventDate "2023.05.30"]
[EventType "swiss (blitz)"]
[EventRounds "11"]
[EventCountry "USA"]
[SourceTitle "CBM 214 Extra"]
[Source "ChessBase"]
[SourceDate "2023.07.31"]
[SourceVersion "1"]
[SourceVersionDate "2023.07.31"]
[SourceQuality "1"]

1. e4 c5 2. Nf3 d6 3. Bc4 Nf6 4. d3 e6 5. 0-0 Be7 6. a4 0-0 7. Bb3 b6 8. Re1 Bb7 9. c3 Nc6 10. Na3 Rc8 11. h3 a6 12. Bf4 d5 13. e5 Nd7 14. d4 cxd4 15. cxd4 Nb4 16. Nc2 Nb8 17. Nxb4 Bxb4 18. Re3 Nc6 19. Bc2 Be7 20. Rc1 Nb4 21. Bb1 Rxc1 22. Qxc1 Qd7 23. Rc3 Rc8 24. h4 a5 25. h5 Ba6 26. h6 g6 27. Bg5 Bf8 28. Nh2 Nc6 29. Ng4 Qb7 30. Nf6+ Kh8 31. Qf4 Be7 32. Nxh7 Bb4 33. Qf6+ 1-0

[Event "Titled Tuesday intern op 30th May Early"]
[Site "Chess.com INT"]
[Date "2023.05.30"]
[Round "3"]
[White "Ismagilov, Damir"]
[Black "Asis Gargatagli, Hipolito"]
[Result "0-1"]
[WhiteElo "2156"]
[BlackElo "2519"]
[PlyCount "90"]
[EventDate "2023.05.30"]
[EventType "swiss (blitz)"]
[EventRounds "11"]
[EventCountry "USA"]
[SourceTitle "CBM 214 Extra"]
[Source "ChessBase"]
[SourceDate "2023.07.31"]
[SourceVersion "1"]
[SourceVersionDate "2023.07.31"]
[SourceQuality "1"]

1. d4 f6 2. c4 e5 3. d5 Bc5 4. Nc3 d6 5. e4 Ne7 6. Bd3 a6 7. Nge2 0-0 8. 0-0 f5 9. Be3 f4 10. Bxc5 dxc5 11. f3 Ng6 12. a3 a5 13. b4 Na6 14. b5 Nb8 15. b6 cxb6 16. Rb1 Ra6 17. Bc2 Qg5 18. Rf2 Nh4 19. Kh1 Rf6 20. Ba4 Nd7 21. Bb5 Ra8 22. Na4 Nf8 23. d6 Be6 24. Nxb6 Rd8 25. Nd5 Rh6 26. Ne7+ Kh8 27. Qd2 Qh5 28. Rd1 Nf5 29. h3 Rxd6 30. Nxf5 Rxd2 31. Rxd2 Bxf5 32. Rd8 Rf6 33. exf5 Qh4 34. Kg1 Rxf5 35. Nc3 Qxd8 36. Ne4 Ne6 37. Rd2 Nd4 38. Kh1 b6 39. Bc6 Nxc6 40. Nd6 Rf6 41. Nf7+ Rxf7 42. Rxd8+ Nxd8 43. Kg1 Rd7 44. Kf2 Rd3 45. Ke2 Rxa3 0-1

[Event "Sharjah Masters 6th"]
[Site "Sharjah"]
[Date "2023.05.20"]
[Round "4"]
[White "Asis Gargatagli, Hipolito"]
[Black "Korobov, Anton"]
[Result "1/2-1/2"]
[WhiteElo "2519"]
[BlackElo "2664"]
[PlyCount "94"]
[EventDate "2023.05.17"]
[EventType "swiss"]
[EventRounds "9"]
[EventCountry "UAE"]
[SourceTitle "CBM 215"]
[Source "ChessBase"]
[SourceDate "2023.08.31"]
[SourceVersion "1"]
[SourceVersionDate "2023.08.31"]
[SourceQuality "1"]

1. e4 e5 2. Nf3 Nc6 3. Bb5 a6 4. Ba4 Nf6 5. 0-0 Be7 6. d3 b5 7. Bb3 d6 8. c3 0-0 9. a4 Bd7 10. Bc2 b4 11. Re1 Rb8 12. h3 Qc8 13. Nbd2 bxc3 14. bxc3 h6 15. d4 exd4 16. cxd4 Nb4 17. Bb1 c5 18. dxc5 dxc5 19. Nc4 Be6 20. Qe2 Bxc4 21. Qxc4 Qe6 22. Qe2 Rfd8 23. e5 Nh7 24. Qe4 Nf8 25. Bd2 a5 26. Ra3 Rd7 27. Rc3 Rbd8 28. Be3 Rd1 29. Bxc5 Bxc5 30. Rxc5 Qb3 31. Rc1 Qxa4 32. Kh2 Rxc1 33. Rxc1 Qa3 34. Rc7 Qb3 35. Ra7 Rd1 36. e6 Qxe6 37. Qxe6 Nxe6 38. Be4 g6 39. Rxa5 f5 40. Bb7 Kg7 41. Ba6 Nxa6 42. Rxa6 Nc5 43. Rc6 Nd3 44. Nh4 Ne5 45. Ra6 f4 46. g3 fxg3+ 47. Kxg3 Kf7 1/2-1/2

[Event "Titled Tuesday intern op 02nd May Early"]
[Site "Chess.com INT"]
[Date "2023.05.02"]
[Round "7"]
[White "Fernandez Guillen, Ernesto J"]
[Black "Asis Gargatagli, Hipolito"]
[Result "0-1"]
[WhiteElo "2477"]
[BlackElo "2519"]
[PlyCount "68"]
[EventDate "2023.05.02"]
[EventType "swiss (blitz)"]
[EventRounds "11"]
[EventCountry "USA"]
[SourceTitle "EXT 2024"]
[Source "ChessBase"]
[SourceDate "2023.10.10"]
[SourceVersion "1"]
[SourceVersionDate "2023.10.10"]
[SourceQuality "1"]

1. e4 c5 2. Nf3 d6 3. d4 cxd4 4. Nxd4 Nf6 5. Nc3 a6 6. Bc4 e6 7. Bb3 Nbd7 8. Bg5 Nc5 9. f4 Be7 10. Qe2 h6 11. Bxf6 Bxf6 12. 0-0-0 Qc7 13. Rhe1 0-0 14. g4 b5 15. g5 hxg5 16. e5 dxe5 17. fxe5 Be7 18. h4 Bb7 19. Qh5 Rfd8 20. hxg5 g6 21. Qh4 Bf8 22. Rd2 Bg7 23. Rh2 b4 24. Qh7+ Kf8 25. Nxe6+ Nxe6 26. Bxe6 Re8 27. Nd5 Bxd5 28. Bxd5 Rxe5 29. Rd1 Rd8 30. Rhd2 Rexd5 31. Rxd5 Qf4+ 32. R5d2 Qxg5 33. Qh2 Bh6 34. Kb1 Rxd2 0-1

[Event "Titled Tuesday intern op 02nd May Early"]
[Site "Chess.com INT"]
[Date "2023.05.02"]
[Round "9"]
[White "Golichenko, Ilja"]
[Black "Asis Gargatagli, Hipolito"]
[Result "0-1"]
[WhiteElo "2427"]
[BlackElo "2519"]
[PlyCount "98"]
[EventDate "2023.05.02"]
[EventType "swiss (blitz)"]
[EventRounds "11"]
[EventCountry "USA"]
[SourceTitle "EXT 2024"]
[Source "ChessBase"]
[SourceDate "2023.10.10"]
[SourceVersion "1"]
[SourceVersionDate "2023.10.10"]
[SourceQuality "1"]

1. d4 f5 2. g3 Nf6 3. Bg2 g6 4. Nf3 Bg7 5. 0-0 0-0 6. c4 d6 7. b4 e5 8. dxe5 dxe5 9. Bb2 e4 10. Nd4 Qe7 11. Qb3 Nc6 12. c5+ Kh8 13. Nxc6 bxc6 14. e3 a5 15. a3 Ba6 16. Rd1 Rab8 17. Bd4 Ng4 18. Bxg7+ Qxg7 19. Nc3 Bd3 20. Ra2 h5 21. Ne2 Ne5 22. Nf4 Bc4 23. Qb2 Bxa2 24. Qxa2 axb4 25. axb4 Rfd8 26. Ra1 Ra8 27. Qxa8 Rxa8 28. Rxa8+ Kh7 29. h4 Qd7 30. Ra7 Kh6 31. Bf1 Qd2 32. Be2 Nd3 33. Nxd3 exd3 34. Bf3 Qe1+ 35. Kg2 d2 36. Rxc7 d1Q 37. Bxd1 Qxd1 38. Re7 Qd5+ 39. Kg1 Qd1+ 40. Kh2 Qd2 41. Kg1 Qxb4 42. Re5 Qb1+ 43. Kg2 Qb5 44. f4 Qe2+ 45. Kg1 Kg7 46. Kh1 Qf2 47. Re6 Qxg3 48. Re7+ Kf6 49. Re5 Qh3+ 0-1